00329nam a22001337a 4500003000400000008004100004020001800045082001600063100001700079245005100096250001100147260002900158300000800187OSt240426b |||||||| |||| 00| 0 eng d a9789355730305 a658.872 KAC aKAPOOR,Neeru aConcept Building Approach to Digital Marketing a2nd Ed aNew DelhibCangagec2023 a186